000 00548nam a2200229Ia 4500
003 OSt
005 20221005124011.0
006 a|||||r|||| 00| 0
007 ta
008 221004b |||||||| |||| 00| 0 mal d
024 _a61751
037 _cTextual
040 _aCRL
_cCRL
_bmal
041 _2mal
_amal
082 _aY1:7:6, 32J7
100 _aDamodaran Au.
_9228634
245 0 _aManushyan
260 _c1957
650 _aSOCIOLOGY
942 _hY1:7:6, 32J7
_cTEXL
_2cc
999 _c1049160
_d1049160